| 000 | 00377nam a2200145Ia 4500 | ||
|---|---|---|---|
| 008 | 240624s9999 xx 000 0 und d | ||
| 041 | _aeng | ||
| 082 | _a301 HEN | ||
| 100 | _aHENSLIN JAMES M | ||
| 245 | _aESSENTIALS OF SOCIOLOGY A DOWN TO EARTH | ||
| 250 | _a(9th ed.) | ||
| 260 |
_c2011 _aBoston _bAllyn & Bacon |
||
| 300 | _axxxvii, : 432 : p. : cm. ; 27 | ||
| 365 |
_c _b25 |
||
| 999 |
_c19599 _d19599 |
||